000
00292nam a2200121Ia 4500
008
220216s9999 xx 000 0 und d
100
_a
Doyle G M
245
0
_a
Aspects of rubber-textile adhesion
260
_b
IRI Transactions
_c
1960
300
_a
177-194
650
_a
Adhesion
942
_c
JS
999
_c
54511
_d
54511